| 000 | 01105cam a2200277 a 4500 | ||
|---|---|---|---|
| 001 | 144421 | ||
| 003 | NUST-PNEC | ||
| 005 | 20170116180715.0 | ||
| 008 | 981130s1999 inu 001 0 eng | ||
| 010 | _a 98068488 | ||
| 020 | _a0790611775 | ||
| 040 | _cPNEC | ||
| 050 | 0 | 0 |
_aTK7887.5 _b.B37 1999 |
| 082 | 0 | 0 |
_a004.616 BAR _221 |
| 100 | 1 | _aBarbarello, James J. | |
| 245 | 1 | 0 |
_aHandbook for parallel port design / _cJames J. Barbarello. |
| 260 |
_aIndianapolis, IN : _bPrompt Publications, _c1999. |
||
| 300 |
_aix,323 p. : _bill. ; _c24 cm. |
||
| 500 | _ahttp://www.amazon.com/Handbook-Parallel-Design-James-Barbarello/dp/0790611775/ref=sr_1_1?s=books&ie=UTF8&qid=1413450457&sr=1-1&keywords=0790611775 | ||
| 650 | 0 | _aComputer interfaces. | |
| 650 | 0 |
_aPorts (Electronic computer system) _xMIS |
|
| 650 | 0 |
_aMicrocomputers _xProgrammable peripheral interfaces. |
|
| 906 |
_a7 _bcbc _corignew _d2 _eopcn _f19 _gy-gencatlg |
||
| 942 |
_2ddc _cBK |
||
| 999 |
_c61111 _d61111 |
||